A személyek szabad mozgása az Európai Unióban
Elmentve itt :
| Szerző: | |
|---|---|
| További közreműködők: | |
| Dokumentumtípus: | Szakdolgozat |
| Megjelent: |
2001
|
| Tárgyszavak: | |
| Online Access: | http://diploma.bibl.u-szeged.hu/34685 |
| LEADER | 00558nta a2200157 i 4500 | ||
|---|---|---|---|
| 001 | dipl34685 | ||
| 005 | 20130314094408.0 | ||
| 008 | 111102s2001 hu om 0|| zxx d | ||
| 040 | |a SZTE Diploma Repozitórium |b hun | ||
| 041 | |a zxx | ||
| 100 | 1 | |a Juhász Andrea | |
| 245 | 1 | 2 | |a A személyek szabad mozgása az Európai Unióban |h [elektronikus dokumentum] / |c Andrea Juhász |
| 260 | |c 2001 | ||
| 650 | 4 | |a Jogi és igazgatási tanulmányok | |
| 700 | 1 | |a Hajdú József |e ths | |
| 856 | 4 | 0 | |u http://diploma.bibl.u-szeged.hu/id/eprint/34685/1/2001_juhasz_andrea.pdf |z Dokumentum-elérés |